The diary of George Muller, great man of prayer. (Record no. 14825)

000 -LEADER
fixed length control field 00732nam a2200193 a 4500
001 - CONTROL NUMBER
control field :::00012659$&:&@@
003 - CONTROL NUMBER IDENTIFIER
control field OkBaRHE
005 - DATE AND TIME OF LATEST TRANSACTION
control field 20110511115053.0
008 - FIXED-LENGTH DATA ELEMENTS--GENERAL INFORMATION
fixed length control field s1972 j 000 0 eng u
040 ## - CATALOGING SOURCE
Transcribing agency
100 1# - MAIN ENTRY--PERSONAL NAME
Personal name Mueller, George, 1805-1898.
245 14 - TITLE STATEMENT
Title The diary of George Muller, great man of prayer.
Statement of responsibility, etc Compiled by A. J. Rendle Short.
260 ## - PUBLICATION, DISTRIBUTION, ETC. (IMPRINT)
Place of publication, distribution, etc Grand Rapids, MI., :
Name of publisher, distributor, etc Zondervan Publishing House
Date of publication, distribution, etc 1972
300 ## - PHYSICAL DESCRIPTION
Extent 128 p. ;
Dimensions 18 cm.
650 ## - SUBJECT ADDED ENTRY--TOPICAL TERM
Topical term or geographic name as entry element Mueller, George, 1805-1898.
700 ## - ADDED ENTRY--PERSONAL NAME
Personal name Short, A. J. Rendle (Arthur J. Rendle), Ed.
942 ## - ADDED ENTRY ELEMENTS (KOHA)
Source of classification or shelving scheme
Koha item type Books
Copies
Shelving location Withdrawn status Koha item type Current Location Source of classification or shelving scheme Damaged status Price effective from Permanent Location Lost status Barcode Total Checkouts Copy number Not for loan Date checked out Date last seen Date acquired Full call number
General Stacks BooksRHEMA Bible Training College  2010-04-14RHEMA Bible Training College 1265911 2011-05-042011-05-112010-04-14HV 28 M77 A3